| 000 | 00579nam a22002057a 4500 | ||
|---|---|---|---|
| 005 | 20250317150351.0 | ||
| 010 | _aENG-144100 | ||
| 020 |
_a9789358114362 _c450.00 |
||
| 035 | _aEN-127632 | ||
| 037 | _aDBAD | ||
| 082 |
_a881 _21 |
||
| 100 |
_aPaul, Asim Kumar _979684 |
||
| 245 |
_aLiving With Rainbow/ _cAsim Kumar Paul |
||
| 250 | _a1 | ||
| 260 |
_aWest Bengal _bAsim Kumar Paul _c2023 |
||
| 270 |
_aGopalNagar, Jhapatapur, Kharagpur, Paschim Medinipur _bWest Bengal _e721301 |
||
| 300 |
_a144p. _c21cm(pb) |
||
| 760 | _b1 | ||
| 942 |
_2ddc _cEN _h881 _mPAU |
||
| 999 |
_c210326 _d210326 |
||